Lyrics to Teenage Dirtbag - Statistics

General Stats
  • This quiz has been taken 942 times
  • The average score is 29 of 35
Answer Stats
Hint Answer % Correct
__ rings my bell she
98%
'Cause I'm just a ______ _______ baby teenage dirtbag
98%
But she doesn't ____ who I am know
97%
How does she know who _ am? i
96%
And she doesn't give a ____ _____ __ damn about me
95%
'Cause I'm ____ a teenage dirtbag, baby just
95%
Yeah, I'm just a teenage dirtbag, ____ baby
94%
Her _______'s a d**k boyfriend
94%
And he doesn't give _ _____ about me a damn
93%
But he doesn't _____ ___ I am know who
93%
I have a ____ about her dream
92%
Listen to ____ ______ maybe with me iron maiden
92%
_____ to Iron Maiden maybe with me listen
92%
Her name is ___ Noel
92%
Come with me Friday, don't say "_____" maybe
89%
____, I'm just a teenage dirtbag baby yeah
89%
And why does she ____ _ damn about me give a
88%
He ____ on my block lives
88%
I've got two _____ to Iron Maiden, baby tickets
88%
Oh, how she ____ rocks
87%
And he _____ an IROC drives
81%
And he brings a ___ to school gun
81%
I got __ ___ in half an hour gym class
81%
My a*s if he knew the ____ truth
81%
I'm just a teenage dirtbag, baby, ____ ___ like you
78%
She's ______ over to me walking
75%
Lo and _____ behold
74%
In Keds and ___ socks tube
72%
This must be ____ fake
71%
My __ starts to shake lip
65%
It's ____ ____ and I am lonely prom night
64%
And he'd _____ kick simply
63%
Oh, yeah, dirtbag, __, ___ doesn't know what she's missin' no she
56%
Oh, yeah, dirtbag, __, ___ doesn't know what she's missin' no she
56%
Man, I feel like ____ mold
47%
No matching quizzes found
Score Distribution
Percent of People with Each Score
Percentile by Number Answered
Your Score History
You have not taken this quiz